| 000 | 00938nam a22001817a 4500 | ||
|---|---|---|---|
| 999 |
_c63236 _d63236 |
||
| 003 | Ge_BSU | ||
| 005 | 20250702145447.0 | ||
| 008 | 250702s1974 ge ||||| |||| 00| 0 geo d | ||
| 041 | _ageo | ||
| 080 | _a331.108.54(479.22):821.353.1-4 ღ-59 | ||
| 100 |
_aღვინიაშვილი, თ. _925598 |
||
| 245 |
_aჭიშკარი ხევში : _b[ნარკვევები სოციალისტური შრომის გმირებზე] / _cთ. ღვინიაშვილი |
||
| 264 |
_aთბილისი : _bსაქართველოს კპ ცკ-ის გამ-ბა, _c1974. |
||
| 300 |
_a106 გვ. ; _b17 სმ. |
||
| 653 | _aსოციალისტური შრომის გმირები საქართველოდან. | ||
| 653 | _aსაქართველოს ჟურნალისტთა კავშირი. | ||
| 942 |
_2udc _cBK |
||